000 01165nam a2200265 i 4500
001 53275
003 ES-MaACL
005 20250801063734.0
007 t|
008 950913s1864 sp ||||1| spa d
040 _aCAM
_bspa
_cCAM
100 1 _aDurañona, Francisco.
_946277
245 1 0 _aExposición que elevan a S.M. la Reina D. Francisco Durañona y D. Antonio Tuero, expulsados de la isla de Cuba por orden arbitraria del capitán general Domingo Dulce precedida de la contestación a la consulta jurídica que los interesados han dirigido a los Excmos. Señores D. Manuel Cortina.
260 _aMadrid :
_b[s.n.],
_c1864 (
_fZacarías Soler)
300 _a35 p. ;
_c25 cm.
530 _aDisponible en formato digital.
600 0 4 _aDurañona, Francisco.
_946277
650 4 _aExilio (Penas)-
_zCuba.
_9158496
650 7 _aEsclavitud-
_xDerecho y legislación-
_zCuba
_2
_9158497
650 4 _aDerecho a la tutela judicial-
_zAmérica española.
_9158498
700 1 _aTuero, Antonio.
_9111643
852 _aES-MaACL
_jT-65-F-9
856 _uhttp://bdh-rd.bne.es/viewer.vm?id=0000120414&page=1
_zBiblioteca Digital Hispánica
999 _c53275
_d53275